[Event "ARG-ch (Women) 70th"]
[Site "Buenos Aires"]
[Date "2017.06.15"]
[Round "4"]
[White "Martinez, Ayelen"]
[Black "Martyniuk, Carolina Milka"]
[Result "1-0"]
[WhiteElo "2252"]
[BlackElo "1984"]
[PlyCount "113"]
[EventDate "2017.06.12"]
[EventType "swiss"]
[EventRounds "9"]
[EventCountry "ARG"]
[SourceTitle "CBM 179 Extra"]
[Source "ChessBase"]
[SourceDate "2017.08.23"]
[SourceVersion "1"]
[SourceVersionDate "2017.08.23"]
[SourceQuality "1"]

1. e4 g6 2. d4 Bg7 3. Nc3 d6 4. Be3 a6 5. Nf3 Nd7 6. Bd3 e5 7. Ne2 Ngf6 8. c3 Qe7 9. Ng3 c6 10. 0-0 0-0 11. h3 d5 12. dxe5 Nxe4 13. Bxe4 dxe4 14. Nxe4 Bxe5 15. Nxe5 Qxe5 16. Nd6 Nf6 17. Bh6 Rd8 18. Nxf7 Rxd1 19. Nxe5 Rxf1+ 20. Rxf1 Be6 21. Rd1 Re8 22. Rd6 Ne4 23. Rd4 Nf6 24. Nd3 Bxa2 25. Nc5 Bd5 26. Nxb7 Re4 27. Rd2 Re1+ 28. Kh2 Ne4 29. Rd4 Nxf2 30. Nc5 Ne4 31. Nxa6 Kf7 32. Nb4 Nf6 33. Nxd5 cxd5 34. Bg5 Re5 35. Bxf6 Kxf6 36. Kg3 Ke6 37. Kf3 Rf5+ 38. Ke3 Rf1 39. Rd2 Ke5 40. Kd3 Rf4 41. b3 Kd6 42. Ra2 Rf1 43. c4 dxc4+ 44. Kxc4 Rf4+ 45. Kb5 Rf5+ 46. Kb6 Rf4 47. Rd2+ Ke5 48. Kc5 Rf1 49. b4 g5 50. b5 Rb1 51. Rd5+ Kf4 52. Rd4+ Ke5 53. Rc4 h5 54. b6 Rd1 55. b7 Rd8 56. Kb6 Kf5 57. Rc8 1-0

[Event "ARG-ch (Women) 70th"]
[Site "Buenos Aires"]
[Date "2017.06.12"]
[Round "1"]
[White "Palomares, Lujan"]
[Black "Martyniuk, Carolina Milka"]
[Result "0-1"]
[WhiteElo "1277"]
[BlackElo "1984"]
[PlyCount "48"]
[EventDate "2017.06.12"]
[EventType "swiss"]
[EventRounds "9"]
[EventCountry "ARG"]
[SourceTitle "CBM 179 Extra"]
[Source "ChessBase"]
[SourceDate "2017.08.23"]
[SourceVersion "1"]
[SourceVersionDate "2017.08.23"]
[SourceQuality "1"]

1. e4 g6 2. Nf3 Bg7 3. d4 d6 4. Nc3 Nf6 5. Bc4 0-0 6. 0-0 c6 7. Bb3 Qc7 8. Bf4 Nh5 9. Be3 e5 10. d5 c5 11. Qd2 a6 12. a3 f5 13. Ng5 c4 14. Na4 f4 15. Nb6 fxe3 16. Nxa8 Qe7 17. Qxe3 Nf4 18. Ne6 Bxe6 19. dxe6 cxb3 20. Qxb3 Nc6 21. Nb6 Nd4 22. Qc4 Nf3+ 23. gxf3 Qg5+ 24. Kh1 Qg2# 0-1

[Event "Santa Fe IRT Club Espanol A"]
[Site "Santa Fe"]
[Date "2015.12.20"]
[Round "6.2"]
[White "Lagar, Valentin Alejo"]
[Black "Martyniuk, Carolina Milka"]
[Result "1-0"]
[WhiteElo "2167"]
[BlackElo "1976"]
[PlyCount "65"]
[EventDate "2015.12.16"]
[EventType "tourn"]
[EventRounds "7"]
[EventCountry "ARG"]
[SourceTitle "EXT 2024"]
[Source "ChessBase"]
[SourceDate "2023.10.10"]
[SourceVersion "1"]
[SourceVersionDate "2023.10.10"]
[SourceQuality "1"]

1. e4 g6 2. d4 Bg7 3. Nc3 a6 4. f4 b5 5. Nf3 Bb7 6. Bd3 d6 7. a4 b4 8. Ne2 Nf6 9. Ng3 0-0 10. 0-0 c5 11. c3 a5 12. Kh1 bxc3 13. bxc3 cxd4 14. Rb1 Ba6 15. cxd4 Bxd3 16. Qxd3 Nc6 17. Bd2 Qd7 18. Rb5 Rfb8 19. Rfb1 d5 20. Ne5 Qe6 21. exd5 Nxd5 22. Nxc6 Rxb5 23. axb5 a4 24. Ra1 h5 25. f5 Qf6 26. fxg6 fxg6 27. Ne4 Qf5 28. Nc5 Qg4 29. h3 Qh4 30. Qxg6 Nf4 31. Qe4 Rf8 32. Nxe7+ Kh8 33. Bxf4 1-0

[Event "Santa Fe IRT Club Espanol A"]
[Site "Santa Fe"]
[Date "2015.12.16"]
[Round "1.3"]
[White "Beroiz, Julian"]
[Black "Martyniuk, Carolina Milka"]
[Result "0-1"]
[WhiteElo "2035"]
[BlackElo "1976"]
[PlyCount "120"]
[EventDate "2015.12.16"]
[EventType "tourn"]
[EventRounds "7"]
[EventCountry "ARG"]
[SourceTitle "EXT 2024"]
[Source "ChessBase"]
[SourceDate "2023.10.10"]
[SourceVersion "1"]
[SourceVersionDate "2023.10.10"]
[SourceQuality "1"]

1. e4 g6 2. d4 Bg7 3. Nc3 d6 4. Be3 a6 5. Nf3 b5 6. Bd3 Bb7 7. Ne2 Nf6 8. Ng3 Nbd7 9. h3 0-0 10. 0-0 c5 11. c3 e5 12. d5 c4 13. Bc2 Qe7 14. Qd2 Rfe8 15. Bh6 Bxh6 16. Qxh6 Qf8 17. Qd2 Kh8 18. Rfe1 Ng8 19. h4 f6 20. h5 Qh6 21. Rad1 Qxd2 22. Rxd2 Ne7 23. Nh2 Rf8 24. f3 Nc5 25. b4 cxb3 26. axb3 Rac8 27. hxg6 hxg6 28. Ng4 Kg7 29. Ne3 Rc7 30. c4 b4 31. Ra1 Bc8 32. Bd1 f5 33. Nef1 f4 34. Nh1 g5 35. Nf2 g4 36. fxg4 Ng8 37. Bc2 Nf6 38. Nh2 Kh6 39. Re2 Rg8 40. Ra2 Nxg4 41. Nd3 Nxd3 42. Bxd3 Nxh2 43. Kxh2 Rg3 44. Red2 Kg5 45. Ra4 Rh7+ 46. Kg1 f3 47. Rxb4 Bh3 48. Bf1 Kf4 49. Ra4 Rhg7 50. Raa2 fxg2 51. Bxg2 Bxg2 52. Rxg2 Rxg2+ 53. Rxg2 Rxg2+ 54. Kxg2 Kxe4 55. Kf2 Kd4 56. Ke2 a5 57. Kd2 a4 58. Kc2 axb3+ 59. Kxb3 e4 60. Kb4 e3 0-1

[Event "ARG-ch (Women)"]
[Site "Buenos Aires"]
[Date "2015.09.11"]
[Round "8"]
[White "Martyniuk, Carolina Milka"]
[Black "Maggiolo, Elisa"]
[Result "1-0"]
[WhiteElo "1947"]
[BlackElo "2057"]
[PlyCount "101"]
[EventDate "2015.09.04"]
[EventType "swiss"]
[EventRounds "8"]
[EventCountry "ARG"]
[SourceTitle "EXT 2016"]
[Source "ChessBase"]
[SourceDate "2015.10.08"]
[SourceVersion "1"]
[SourceVersionDate "2015.10.08"]
[SourceQuality "1"]

1. c4 e5 2. g3 Nf6 3. Bg2 c6 4. d4 exd4 5. Qxd4 Na6 6. Nc3 Bc5 7. Qd1 0-0 8. Nh3 d5 9. cxd5 Nb4 10. Bg5 Nbxd5 11. Nxd5 cxd5 12. 0-0 Be7 13. Nf4 d4 14. Qd3 Qd6 15. Rfd1 Rd8 16. Rac1 h6 17. Bxf6 Bxf6 18. Nd5 Rb8 19. Rc4 Bg4 20. Nxf6+ Qxf6 21. Rxd4 Rxd4 22. Qxd4 Qxd4 23. Rxd4 Bxe2 24. Rd7 Bc4 25. b3 Be6 26. Rxb7 Rxb7 27. Bxb7 Kf8 28. Kf1 Ke7 29. Ke2 Kd6 30. Kd3 Kc5 31. Kc3 g5 32. f3 f5 33. f4 Kb6 34. Bg2 Kc5 35. a3 Bd7 36. Bf3 Bb5 37. a4 Bd7 38. b4+ Kd6 39. a5 Bb5 40. Kd4 Ba6 41. Bd5 Bf1 42. Bc4 Bg2 43. Bd3 Ke6 44. b5 Bf3 45. b6 axb6 46. axb6 Kd6 47. Bxf5 gxf4 48. gxf4 Bd1 49. Be4 Bh5 50. b7 Kc7 51. Ke5 1-0

[Event "ARG-ch (Women)"]
[Site "Buenos Aires"]
[Date "2015.09.10"]
[Round "7"]
[White "Fernandez, Maria Florencia"]
[Black "Martyniuk, Carolina Milka"]
[Result "1-0"]
[WhiteElo "2258"]
[BlackElo "1947"]
[PlyCount "103"]
[EventDate "2015.09.04"]
[EventType "swiss"]
[EventRounds "8"]
[EventCountry "ARG"]
[SourceTitle "EXT 2016"]
[Source "ChessBase"]
[SourceDate "2015.10.08"]
[SourceVersion "1"]
[SourceVersionDate "2015.10.08"]
[SourceQuality "1"]

1. d4 Nf6 2. c4 e6 3. Nc3 Bb4 4. Bd2 0-0 5. Nf3 d6 6. e3 Nbd7 7. Qc2 e5 8. 0-0-0 Bxc3 9. Bxc3 e4 10. Nd2 Re8 11. h3 c6 12. g4 d5 13. g5 Nh5 14. h4 g6 15. Be2 Nf8 16. Rhg1 Ne6 17. Bxh5 gxh5 18. f3 exf3 19. Nxf3 Ng7 20. Ne5 Bf5 21. Qf2 Qe7 22. Rg3 Rac8 23. Rf1 Bg6 24. Rf3 Rc7 25. a3 Ne6 26. Kd2 Nd8 27. Bb4 c5 28. Nxg6 hxg6 29. Bxc5 Rxc5 30. dxc5 dxc4 31. Kc2 Qe4+ 32. Kc1 Re7 33. Rf4 Qe6 34. Rf6 Qe4 35. Qf4 Qxe3+ 36. Qxe3 Rxe3 37. Rd1 Ne6 38. Rd7 Nxc5 39. Rdxf7 Re8 40. Rc7 Nd3+ 41. Kd2 Ne5 42. Rxb7 Rd8+ 43. Kc2 a5 44. Re7 Rd5 45. Rfe6 Nf7 46. Rxg6+ Kf8 47. Ra7 Rf5 48. Rf6 Rxf6 49. gxf6 Nd6 50. Rxa5 Kf7 51. Rxh5 Kg6 52. Rd5 1-0

[Event "ARG-ch (Women) 67th"]
[Site "Villa Martelli"]
[Date "2014.05.09"]
[Round "9"]
[White "Martinez, Ayelen"]
[Black "Martyniuk, Carolina Milka"]
[Result "1-0"]
[WhiteElo "2128"]
[BlackElo "1945"]
[PlyCount "57"]
[EventDate "2014.05.01"]
[EventType "swiss"]
[EventRounds "9"]
[EventCountry "ARG"]
[SourceTitle "CBM 160 Extra"]
[Source "ChessBase"]
[SourceDate "2014.07.01"]
[SourceVersion "1"]
[SourceVersionDate "2014.07.01"]
[SourceQuality "1"]

1. e4 g6 2. d4 Bg7 3. Nc3 d6 4. f4 Nf6 5. Nf3 0-0 6. Bd3 a6 7. 0-0 c5 8. dxc5 dxc5 9. Be3 Ng4 10. Bxc5 Qc7 11. Bd4 Bxd4+ 12. Nxd4 Qc5 13. Be2 Ne3 14. Qd3 Nxf1 15. b4 Qa7 16. Kxf1 Rd8 17. Nd5 b5 18. Rd1 Rf8 19. f5 e5 20. Nf3 Nc6 21. Qc3 Nd4 22. Nxe5 Nxe2 23. Nf6+ Kg7 24. Kxe2 h5 25. Nc6 Qb7 26. Ne8+ Kh6 27. Qg7+ Kg5 28. h4+ Kg4 29. Qf6 1-0

[Event "ARG-ch (Women) 67th"]
[Site "Villa Martelli"]
[Date "2014.05.07"]
[Round "7"]
[White "Flores, Nancy"]
[Black "Martyniuk, Carolina Milka"]
[Result "1-0"]
[WhiteElo "1957"]
[BlackElo "1945"]
[PlyCount "63"]
[EventDate "2014.05.01"]
[EventType "swiss"]
[EventRounds "9"]
[EventCountry "ARG"]
[SourceTitle "CBM 160 Extra"]
[Source "ChessBase"]
[SourceDate "2014.07.01"]
[SourceVersion "1"]
[SourceVersionDate "2014.07.01"]
[SourceQuality "1"]

1. Nf3 g6 2. g3 Bg7 3. d4 Nf6 4. c4 d6 5. Bg2 0-0 6. 0-0 Nbd7 7. b3 c5 8. Bb2 Rb8 9. Nc3 a6 10. a4 cxd4 11. Nxd4 Nc5 12. b4 Ne6 13. Nb3 Qb6 14. a5 Qd8 15. Qc2 Qc7 16. Qd3 Bd7 17. Rac1 Qd8 18. Rfd1 b6 19. Ba3 bxa5 20. Nxa5 Ng4 21. Nd5 Nd4 22. h3 Ne5 23. Qe3 Nec6 24. Nxc6 Nxc6 25. b5 axb5 26. cxb5 Na5 27. Nxe7+ Kh8 28. Nc6 Bxc6 29. bxc6 Rb3 30. Rd3 Re8 31. c7 Rxd3 32. exd3 1-0

[Event "ARG-ch (Women) 67th"]
[Site "Villa Martelli"]
[Date "2014.05.06"]
[Round "6"]
[White "Martyniuk, Carolina Milka"]
[Black "Strgacich, Aylen"]
[Result "0-1"]
[WhiteElo "1945"]
[BlackElo "1765"]
[PlyCount "90"]
[EventDate "2014.05.01"]
[EventType "swiss"]
[EventRounds "9"]
[EventCountry "ARG"]
[SourceTitle "CBM 160 Extra"]
[Source "ChessBase"]
[SourceDate "2014.07.01"]
[SourceVersion "1"]
[SourceVersionDate "2014.07.01"]
[SourceQuality "1"]

1. c4 c5 2. g3 Nf6 3. Nf3 d5 4. Bg2 d4 5. d3 Nc6 6. 0-0 g6 7. e3 Bg7 8. exd4 cxd4 9. b4 Nxb4 10. Qa4+ Nc6 11. Ne5 Bd7 12. Nxc6 bxc6 13. Bxc6 0-0 14. Ba3 Re8 15. Bxd7 Nxd7 16. Nd2 Ne5 17. Rad1 Qc8 18. Qc2 Qf5 19. Ne4 Nf3+ 20. Kg2 Qh5 21. h3 Qf5 22. Qe2 Ng5 23. Nxg5 Qxg5 24. Rfe1 Qa5 25. Bc1 e5 26. Rd2 f5 27. Rb2 Qc7 28. Bd2 Qc6+ 29. Kh2 e4 30. Rb3 Re6 31. Reb1 Rae8 32. Rb8 Be5 33. Rxe8+ Rxe8 34. Bh6 Qc7 35. Rb5 e3 36. f4 Bd6 37. a4 Rb8 38. Qb2 Rb6 39. Qxd4 Rxb5 40. axb5 e2 41. Qc3 Qe7 42. c5 e1Q 43. Qc4+ Q7e6 44. cxd6 Qxc4 45. dxc4 Qd2+ 0-1

[Event "Mar del Plata Duchamp op 45th"]
[Site "Mar del Plata"]
[Date "2014.04.12"]
[Round "1"]
[White "Alonso, Salvador"]
[Black "Martyniuk, Carolina Milka"]
[Result "1-0"]
[WhiteElo "2512"]
[BlackElo "1952"]
[PlyCount "43"]
[EventDate "2014.04.12"]
[EventType "swiss"]
[EventRounds "9"]
[EventCountry "ARG"]
[SourceTitle "CBM 159 Extra"]
[Source "ChessBase"]
[SourceDate "2014.04.24"]
[SourceVersion "1"]
[SourceVersionDate "2014.04.24"]
[SourceQuality "1"]

1. e4 g6 2. d4 Bg7 3. Nc3 d6 4. Be3 a6 5. Qd2 Nd7 6. 0-0-0 b5 7. Kb1 Bb7 8. f3 c5 9. dxc5 Nxc5 10. Nxb5 Qb6 11. Nc3 Bc6 12. Nge2 Rb8 13. b3 Nf6 14. h4 h5 15. Nd4 Bd7 16. Bg5 Qa5 17. Nd5 Qa3 18. Bxf6 exf6 19. Qf4 0-0 20. g4 f5 21. gxf5 Be5 22. Qh6 1-0

[Event "American Continental (Women) 07th"]
[Site "Buenos Aires"]
[Date "2014.03.25"]
[Round "5"]
[White "Zepeda, Lorena"]
[Black "Martyniuk, Carolina Milka"]
[Result "1-0"]
[WhiteElo "2196"]
[BlackElo "1959"]
[PlyCount "79"]
[EventDate "2014.03.21"]
[EventType "swiss"]
[EventRounds "9"]
[EventCountry "ARG"]
[SourceTitle "CBM 159 Extra"]
[Source "ChessBase"]
[SourceDate "2014.04.24"]
[SourceVersion "1"]
[SourceVersionDate "2014.04.24"]
[SourceQuality "1"]

1. e4 g6 2. d4 Bg7 3. Nc3 d6 4. Bg5 c5 5. dxc5 Qa5 6. Qd2 Qxc5 7. Nd5 Bd7 8. Be3 Qc8 9. Bd4 e5 10. Be3 f5 11. exf5 gxf5 12. Be2 h5 13. Qd1 Qc6 14. Bxh5+ Kf8 15. Nb4 Qc7 16. f4 Nf6 17. Bf3 e4 18. Be2 Nc6 19. Nxc6 bxc6 20. Nh3 Rb8 21. Bd4 c5 22. Bc3 Be6 23. Ng5 Bg8 24. Qd2 Qc6 25. 0-0 d5 26. Be5 Rd8 27. b4 Ng4 28. Bxg4 fxg4 29. Nxe4 Bf7 30. Bxg7+ Kxg7 31. Nxc5 Qh6 32. g3 d4 33. Qe2 Rd6 34. f5 Qh5 35. Ne6+ Bxe6 36. fxe6 Rxe6 37. Qf2 Qd5 38. Qf7+ Kh6 39. Rf6+ Rxf6 40. Qxd5 1-0

[Event "Buenos Aires Duchamp Memorial op 4th"]
[Site "Buenos Aires"]
[Date "2012.10.23"]
[Round "2"]
[White "Luvotti, Damian"]
[Black "Martyniuk, Carolina Milka"]
[Result "0-1"]
[WhiteElo "1612"]
[BlackElo "1946"]
[PlyCount "50"]
[EventDate "2012.10.22"]
[EventType "swiss"]
[EventRounds "9"]
[EventCountry "ARG"]
[SourceTitle "EXT 2013"]
[Source "ChessBase"]
[SourceDate "2012.11.22"]
[SourceVersion "1"]
[SourceVersionDate "2012.11.22"]
[SourceQuality "1"]

1. d4 Nf6 2. c4 e6 3. Nc3 Bb4 4. a3 Bxc3+ 5. bxc3 d6 6. Nf3 0-0 7. e3 b6 8. Be2 Bb7 9. 0-0 Nc6 10. Rb1 Qe7 11. Re1 Na5 12. Nd2 e5 13. Nb3 Nxb3 14. Qxb3 Nd7 15. a4 Kh8 16. f3 e4 17. f4 f5 18. Ba3 Rf6 19. g3 g5 20. d5 Qg7 21. Kf2 gxf4 22. exf4 Rh6 23. Rh1 e3+ 24. Kxe3 Rxh2 25. Rhg1 Qe7+ 0-1

[Event "ARG-ch 86th"]
[Site "La Plata"]
[Date "2012.07.09"]
[Round "8"]
[White "Maldonado, Marcos"]
[Black "Martyniuk, Carolina Milka"]
[Result "1/2-1/2"]
[WhiteElo "2106"]
[BlackElo "1955"]
[PlyCount "99"]
[EventDate "2012.07.04"]
[EventType "swiss"]
[EventRounds "11"]
[EventCountry "ARG"]
[SourceTitle "CBM 149 Extra"]
[Source "ChessBase"]
[SourceDate "2012.08.24"]
[SourceVersion "1"]
[SourceVersionDate "2012.08.24"]
[SourceQuality "1"]

1. e4 g6 2. d4 Bg7 3. Nc3 d6 4. f4 Nf6 5. Nf3 c6 6. Bd3 0-0 7. 0-0 b5 8. a3 a6 9. h3 Nbd7 10. e5 Ne8 11. Qe1 e6 12. Ng5 c5 13. d5 Nb6 14. dxe6 Bxe6 15. Bxg6 h6 16. Nxe6 fxe6 17. exd6 Qxd6 18. Ne4 Qc7 19. Be3 Nd5 20. Bxc5 Rxf4 21. c3 Rxe4 22. Qxe4 Qxc5+ 23. Kh1 Nec7 24. Rf7 Rf8 25. Raf1 Nf6 26. Rxf8+ Qxf8 27. Qe5 Qe7 28. Bc2 Ncd5 29. Re1 Nc7 30. Bb3 Nfd5 31. Qe4 Qd6 32. Qg4 Nf4 33. Re4 Nfd5 34. Qd1 Qg3 35. Rg4 Qe5 36. Qd2 Kh8 37. Bc2 Qf6 38. Qd3 Kg8 39. Rg3 Nf4 40. Qd7 Ncd5 41. Be4 Qe7 42. Qc8+ Qf8 43. Qxa6 Nf6 44. Bc2 N6h5 45. Rf3 Qe7 46. Qa8+ Bf8 47. Qe4 Qg7 48. g4 Bc5 49. b4 Bd6 50. Qc6 1/2-1/2

[Event "Latin Cup"]
[Site "Montevideo"]
[Date "2011.11.02"]
[Round "2"]
[White "Martinez, Carlos"]
[Black "Martyniuk, Carolina Milka"]
[Result "0-1"]
[WhiteElo "1882"]
[BlackElo "1959"]
[PlyCount "80"]
[EventDate "2011.11.01"]
[EventType "swiss"]
[EventRounds "9"]
[EventCountry "URU"]
[SourceTitle "EXT 2012"]
[Source "ChessBase"]
[SourceDate "2011.11.24"]
[SourceVersion "1"]
[SourceVersionDate "2011.11.24"]
[SourceQuality "1"]

1. e4 g6 2. d4 Bg7 3. Nf3 d6 4. Bc4 Nf6 5. Nc3 c6 6. 0-0 b5 7. Bd3 0-0 8. Re1 b4 9. Ne2 c5 10. dxc5 dxc5 11. Be3 Qc7 12. Ng3 Ng4 13. Rb1 Nxe3 14. fxe3 Nd7 15. b3 Qa5 16. Nh4 Ne5 17. Qc1 Rd8 18. Be2 Ng4 19. h3 Ne5 20. a3 bxa3 21. Ra1 a2 22. c3 Nd3 23. Bxd3 Rxd3 24. Qc2 Qxc3 25. Rxa2 Qxe1+ 26. Nf1 Rd1 27. Qc4 Qxh4 28. Rf2 Be6 29. Qxc5 h5 30. Qc6 Rc8 31. Qb7 Rcc1 32. Qxa7 Qxe4 33. Qb8+ Kh7 34. Qg3 Be5 35. Qg5 Rxf1+ 36. Rxf1 Bh2+ 37. Kxh2 Rxf1 38. Qxe7 Qe5+ 39. g3 Rf2+ 40. Kg1 Qxg3+ 0-1

[Event "Mar del Plata op 42nd"]
[Site "Mar del Plata"]
[Date "2011.04.18"]
[Round "4"]
[White "Perez, Maximiliano"]
[Black "Martyniuk, Carolina Milka"]
[Result "0-1"]
[WhiteElo "2211"]
[BlackElo "1979"]
[PlyCount "120"]
[EventDate "2011.04.16"]
[EventType "swiss"]
[EventRounds "9"]
[EventCountry "ARG"]
[SourceTitle "EXT 2012"]
[Source "ChessBase"]
[SourceDate "2011.11.24"]
[SourceVersion "1"]
[SourceVersionDate "2011.11.24"]
[SourceQuality "1"]

1. e4 g6 2. d4 c6 3. c3 Bg7 4. Bd3 d5 5. e5 h5 6. Qc2 Nh6 7. Ne2 Bf5 8. Bxf5 Nxf5 9. e6 fxe6 10. Nf4 Kf7 11. Qe2 e5 12. dxe5 e6 13. g4 hxg4 14. Qxg4 g5 15. Nh3 Bxe5 16. Bxg5 Qb6 17. Qe2 Nd7 18. Ng1 Bf6 19. Bxf6 Kxf6 20. Na3 e5 21. 0-0-0 e4 22. f3 Ng3 23. hxg3 Rxh1 24. Qg2 Rah8 25. fxe4 Qe3+ 26. Kb1 R8h2 27. Qf1+ Rf2 28. Nc2 Qxg3 29. Qe1 Qg2 30. Ne3 Qxe4+ 31. Ka1 Rhh2 32. Rb1 Ne5 33. Nh3 Rf3 34. Qg1 Rfxh3 35. Rf1+ Rf3 36. Rxf3+ Qxf3 37. Qxh2 Qxe3 38. Qh8+ Kf5 39. Qh5+ Qg5 40. Qh3+ Kf6 41. a3 Nc4 42. Qh8+ Qg7 43. Qd8+ Ke6 44. Ka2 a5 45. Kb3 Qe7 46. Qg8+ Kd6 47. Qb8+ Kc5 48. Qa7+ Kd6 49. Qb8+ Ke6 50. Qg8+ Qf7 51. Qg4+ Kd6 52. Qc8 a4+ 53. Ka2 Nb6 54. Qd8+ Kc5 55. Qg5 Kb5 56. Qe5 Ka6 57. Qd4 Qf1 58. Qh8 Qc4+ 59. Ka1 Qb3 60. Qd8 Ka7 0-1

[Event "Mar del Plata op 41st"]
[Site "Mar del Plata"]
[Date "2010.03.27"]
[Round "1"]
[White "Martyniuk, Carolina Milka"]
[Black "Tristan, Leonardo"]
[Result "0-1"]
[WhiteElo "1966"]
[BlackElo "2394"]
[PlyCount "42"]
[EventDate "2010.03.27"]
[EventType "swiss"]
[EventRounds "9"]
[EventCountry "ARG"]
[SourceTitle "EXT 2011"]
[Source "ChessBase"]
[SourceDate "2010.11.26"]
[SourceVersion "1"]
[SourceVersionDate "2010.11.26"]
[SourceQuality "1"]

1. c4 f5 2. Nc3 Nf6 3. g3 g6 4. Bg2 Bg7 5. Nf3 0-0 6. 0-0 d6 7. d4 Nc6 8. Bg5 Ne4 9. Nxe4 fxe4 10. Nd2 Nxd4 11. Nxe4 Bg4 12. Nc3 c6 13. Qd2 Qd7 14. Rac1 Rf7 15. f3 Bh3 16. Be3 Bxg2 17. Kxg2 Nf5 18. Bf2 Bh6 19. f4 e5 20. e4 exf4 21. exf5 f3+ 0-1